Professional purchasing

Bibliographic Details
Main Author: Gadde, Lars-Erik
Other Authors: Hakansson, Hakan
Format: Book
Published: London : Routledge , 1993
Subjects:

MARC

LEADER 00000cam a2200000 7i4500
001 0000001479
002 000001625
005 20000330.0
020 |a 0415079330 
090 0 0 |a 658.72   |b GAD 
100 0 |a Gadde, Lars-Erik 
245 1 0 |a Professional purchasing   |c Lars-Erik Gadde and Hakan Hakansson 
260 |a London :   |b Routledge ,   |c 1993 
300 |a 186 p. ;   |c 22 cm. 
650 0 0 |a Industrial procurement 
650 0 0 |a Purchasing 
700 0 |a Hakansson, Hakan 
999 |a 034025   |b BUKU   |c PINJAMAN   |e PERPUSTAKAAN KOMUNITI PETALING JAYA